| 000 | 00984cab a22002055a 4500 | ||
|---|---|---|---|
| 001 | L153000 | ||
| 008 | 110523e20110520xxk 000 0 eng d | ||
| 035 | _a(Sirsi) u153000 | ||
| 041 | 0 | _aeng | |
| 100 | 1 | _aSandher, Hardeep | |
| 245 | 0 | 4 | _aThe capital of the world |
| 260 | _c2011 | ||
| 490 | 0 |
_aProperty Week Supplement _v20 May 2011, 14-18(4) |
|
| 520 | _aInvestigates the wave of overseas property investors from Kazakhstan to Canada buying into London's best streets and properties. Overseas investors have spent £22bn on prime City and West End assets in the past five years and Jones Lang LaSalle estimates that £52bn of overseas equity is destined for London in 2011. Lists London's biggest buyers 2006-2010 and London's landed estates by capital values. | ||
| 590 | _aKA | ||
| 651 | 4 | _aLondon | |
| 690 | _aPROPERTY-COMMERCIAL PROPERTY-COMMERCIAL PROPERTY MARKET | ||
| 690 | _aPROPERTY-COMMERCIAL PROPERTY-COMMERCIAL PROPERTY FINANCE AND INVESTMENT | ||
| 942 | _n0 | ||
| 999 |
_c83158 _d83158 |
||